BIBLIOTECA PODER JUDICIAL
Portal Judicial TDF

Caducidad de instancia de pleno derecho / (Registro nro. 2108)

000 -LEADER
fixed length control field 00648nam a22002057a 4500
003 - CONTROL NUMBER IDENTIFIER
control field OSt
005 - DATE AND TIME OF LATEST TRANSACTION
control field 20181128112519.0
008 - FIXED-LENGTH DATA ELEMENTS--GENERAL INFORMATION
fixed length control field 180228b xxu||||| |||| 00| 0 spa d
040 ## - CATALOGING SOURCE
Transcribing agency PJ
100 ## - ASIENTO PRINCIPAL - NOMBRE DE PERSONA
9 (RLIN) 2421
Personal name Colombo, Carlos J.
245 10 - MENCIÓN DE TÍTULO
Título propiamente dicho Caducidad de instancia de pleno derecho /
Mención de responsabilidad, etc Carlos j. Colombo.
260 ## - PUBLICATION, DISTRIBUTION, ETC. (IMPRINT)
Place of publication, distribution, etc Buenos Aires :
Name of publisher, distributor, etc Abeledo-Perrot,
Date of publication, distribution, etc 1962.
300 ## - DESCRIPCION FISICA
Extent 63 p.
Dimensions 19 cm.
490 ## - MENCION DE SERIE
Mención de Serie Monografías Jurídicas
Designación numérica/secuencial del volumen 70
650 #0 - ASIENTO SECUNDARIO DE MATERIA - TERMINO TEMATICO
Topical term or geographic name as entry element DERECHO PROCESAL
9 (RLIN) 267
650 #0 - ASIENTO SECUNDARIO DE MATERIA - TERMINO TEMATICO
Topical term or geographic name as entry element TERMINACION DEL PROCESO
9 (RLIN) 1934
650 #0 - ASIENTO SECUNDARIO DE MATERIA - TERMINO TEMATICO
Topical term or geographic name as entry element CADUCIDAD DE INSTANCIA
9 (RLIN) 1935
650 #0 - ASIENTO SECUNDARIO DE MATERIA - TERMINO TEMATICO
Topical term or geographic name as entry element CONTESTACIÓN DE LA DEMANDA
9 (RLIN) 3295
942 ## - ADDED ENTRY ELEMENTS (KOHA)
Source of classification or shelving scheme
Koha item type Libros
Classification part 347.933
Item part COL
Existencias
Withdrawn status Lost status Source of classification or shelving scheme Damaged status Not for loan Permanent Location Current Location Date acquired Full call number Barcode Date last seen Price effective from Koha item type
          Biblioteca Poder Judicial Sur Biblioteca Poder Judicial Sur 2018-11-28 347.933 COL 0477 2018-11-28 2018-11-28 Libros

12 de Octubre 789 Ushuaia - Tel:  54(02901)441571
Horario de Atención: 8.00 a 17.00 hs. 
bibliotecaush@justierradelfuego.gov.ar
koha@justierradelfuego.gov.ar
Seguinos en nuestras redes @bibliojustdf 

Con tecnología Koha